[Event "ZI-2014-0-01893"]
[Site "LSS email"]
[Date "2014.10.25"]
[Round "?"]
[White "Tarasov, Grigory Aleksandrov"]
[Black "Reede, Arvo"]
[Result "1-0"]
[WhiteElo "1994"]
[BlackElo "1706"]
[PlyCount "125"]
[EventDate "2014.10.17"]
[EventType "match (corr)"]
[EventRounds "2"]
[EventCountry "GER"]
[SourceTitle "Corr 2015"]
[Source "ChessBase"]
[SourceDate "2015.07.17"]
[SourceVersion "1"]
[SourceVersionDate "2015.07.17"]
[SourceQuality "1"]

1. e4 e5 2. Nf3 Nc6 3. Bb5 a6 4. Ba4 Be7 5. 0-0 Nf6 6. Re1 b5 7. Bb3 d6 8. c3 0-0 9. h3 Na5 10. Bc2 c5 11. d4 cxd4 12. cxd4 Bb7 13. d5 Qc7 14. Nbd2 Rac8 15. Bd3 Nd7 16. Nf1 f5 17. Ng3 f4 18. Nf5 Bd8 19. b3 g6 20. Nh6+ Kg7 21. Ng4 h5 22. Ngh2 Nc5 23. Bf1 b4 24. Bd2 Qb6 25. Rb1 Bf6 26. a3 Nc6 27. dxc6 Bxc6 28. Bxb4 Nxe4 29. Re2 Ng3 30. Rc2 Be4 31. Rxc8 Rxc8 32. Rc1 Rxc1 33. Qxc1 a5 34. Bc3 Nxf1 35. Nxf1 Qxb3 36. Bxa5 Qc2 37. Qxc2 Bxc2 38. Bb4 d5 39. Bd6 e4 40. Ne1 Bb3 41. Bxf4 Bc3 42. Bd2 Bd4 43. g3 Kf7 44. Ng2 Be5 45. Nf4 d4 46. Bc1 Bxf4 47. Bxf4 Ke6 48. Nd2 Bc2 49. Nc4 Kd5 50. Nb6+ Kc6 51. Nc8 Kd7 52. Na7 Ba4 53. h4 Ke6 54. Nc8 Bd7 55. Nb6 Bb5 56. a4 Ba6 57. a5 Be2 58. Na8 Kd7 59. Nc7 Kc6 60. Ne6 Bd3 61. Nxd4+ Kd5 62. Be3 Bc4 63. Nc2 1-0

[Event "CP-2012-Q-00008"]
[Site "LSS email"]
[Date "2013.12.17"]
[Round "?"]
[White "Pluemmer, Rolf"]
[Black "Tarasov, Grigory Aleksandrov"]
[Result "1/2-1/2"]
[WhiteElo "2141"]
[BlackElo "1994"]
[PlyCount "54"]
[EventDate "2013.12.22"]
[EventType "tourn (corr)"]
[EventRounds "6"]
[EventCountry "GER"]
[SourceTitle "Corr 2015"]
[Source "ChessBase"]
[SourceDate "2015.07.17"]
[SourceVersion "1"]
[SourceVersionDate "2015.07.17"]
[SourceQuality "1"]

1. e4 e5 2. Nf3 Nc6 3. Bb5 Nf6 4. 0-0 Nxe4 5. d4 Nd6 6. Bxc6 dxc6 7. dxe5 Nf5 8. Qxd8+ Kxd8 9. Nc3 Ke8 10. h3 Be7 11. Rd1 Nh4 12. Nxh4 Bxh4 13. Ne2 Be7 14. Be3 h5 15. Rd2 h4 16. Rad1 Rh5 17. f4 Be6 18. Nd4 Bc5 19. Bf2 Bxd4 20. Rxd4 c5 21. R4d3 b6 22. a3 a5 23. a4 Ke7 24. Kh2 Rah8 25. Be3 Re8 26. Bf2 Bf5 27. R3d2 f6 1/2-1/2

[Event "CP-2013-P-00022"]
[Site "LSS email"]
[Date "2013.09.30"]
[Round "?"]
[White "Kulczycki, Michael"]
[Black "Tarasov, Grigory Aleksandrov"]
[Result "1/2-1/2"]
[WhiteElo "1894"]
[BlackElo "1994"]
[PlyCount "30"]
[EventDate "2013.10.01"]
[EventType "tourn (corr)"]
[EventRounds "6"]
[EventCountry "GER"]
[SourceTitle "Corr 2015"]
[Source "ChessBase"]
[SourceDate "2015.07.17"]
[SourceVersion "1"]
[SourceVersionDate "2015.07.17"]
[SourceQuality "1"]

1. e4 c6 2. d4 d5 3. exd5 cxd5 4. c4 Nf6 5. Nc3 e6 6. Nf3 Bb4 7. cxd5 Nxd5 8. Qc2 Nc6 9. Bd3 Ba5 10. a3 Nxc3 11. bxc3 Nxd4 12. Nxd4 Qxd4 13. Bb5+ Kf8 14. 0-0 Qxc3 15. Qe2 a6 1/2-1/2

[Event "CP-2013-P-00022"]
[Site "LSS email"]
[Date "2013.09.30"]
[Round "?"]
[White "Salzmann, Stefan"]
[Black "Tarasov, Grigory Aleksandrov"]
[Result "1/2-1/2"]
[WhiteElo "2103"]
[BlackElo "1994"]
[PlyCount "56"]
[EventDate "2013.10.01"]
[EventType "tourn (corr)"]
[EventRounds "6"]
[EventCountry "GER"]
[SourceTitle "Corr 2015"]
[Source "ChessBase"]
[SourceDate "2015.07.17"]
[SourceVersion "1"]
[SourceVersionDate "2015.07.17"]
[SourceQuality "1"]

1. d4 Nf6 2. Nf3 d5 3. c4 c6 4. Qc2 g6 5. Bf4 Bg7 6. e3 0-0 7. Nc3 Na6 8. a3 Nh5 9. Be5 f6 10. Bg3 Nxg3 11. hxg3 Nc7 12. Rc1 Be6 13. cxd5 cxd5 14. Qb3 Rb8 15. Be2 Qd7 16. 0-0 Rfc8 17. Rc2 Bf5 18. Rcc1 Qd8 19. Rfd1 Be6 20. Ne1 Bf7 21. Rc2 Bf8 22. Nd3 e5 23. Bg4 e4 24. Nc5 f5 25. Be2 Ne6 26. Nxe6 Bxe6 27. Rdc1 Kg7 28. Na4 Rxc2 1/2-1/2

[Event "CP-2013-P-00022"]
[Site "LSS email"]
[Date "2013.09.30"]
[Round "?"]
[White "Tarasov, Grigory Aleksandrov"]
[Black "Petersen, Hans"]
[Result "1-0"]
[WhiteElo "1994"]
[BlackElo "1646"]
[PlyCount "59"]
[EventDate "2013.10.01"]
[EventType "tourn (corr)"]
[EventRounds "6"]
[EventCountry "GER"]
[SourceTitle "Corr 2015"]
[Source "ChessBase"]
[SourceDate "2015.07.17"]
[SourceVersion "1"]
[SourceVersionDate "2015.07.17"]
[SourceQuality "1"]

1. e4 e5 2. Nf3 Nc6 3. Bb5 a6 4. Ba4 Nf6 5. 0-0 Be7 6. Re1 b5 7. Bb3 d6 8. c3 0-0 9. h3 Bb7 10. d4 Re8 11. Nbd2 Bf8 12. a4 h6 13. Bc2 exd4 14. cxd4 Nb4 15. Bb1 c5 16. d5 Nd7 17. Ra3 f5 18. g4 fxe4 19. Nxe4 Bxd5 20. g5 bxa4 21. Bd2 Bb3 22. Rxb3 axb3 23. gxh6 gxh6 24. Kh1 Kh8 25. Rg1 Nf6 26. Nxf6 Qxf6 27. Bc3 Re5 28. Rg6 Qf4 29. Nxe5 dxe5 30. Qd7 1-0

[Event "CP-2013-P-00022"]
[Site "LSS email"]
[Date "2013.09.30"]
[Round "?"]
[White "Tarasov, Grigory Aleksandrov"]
[Black "Tsygankov, Evgeny Georgievich"]
[Result "1-0"]
[WhiteElo "1994"]
[BlackElo "2282"]
[PlyCount "61"]
[EventDate "2013.10.01"]
[EventType "tourn (corr)"]
[EventRounds "6"]
[EventCountry "GER"]
[SourceTitle "Corr 2015"]
[Source "ChessBase"]
[SourceDate "2015.07.17"]
[SourceVersion "1"]
[SourceVersionDate "2015.07.17"]
[SourceQuality "1"]

1. e4 c5 2. Nf3 Nc6 3. Bb5 e6 4. 0-0 Nge7 5. c3 a6 6. Ba4 b5 7. Bc2 Bb7 8. Qe2 Rc8 9. d4 cxd4 10. cxd4 Ng6 11. a3 Be7 12. Nc3 0-0 13. g3 Na5 14. h4 Re8 15. h5 Nf8 16. h6 g6 17. e5 d6 18. exd6 Qxd6 19. Be4 Qb6 20. Rd1 f6 21. d5 f5 22. Be3 Bc5 23. Bxc5 Qxc5 24. Ng5 Nb3 25. Qf3 Nd4 26. Qe3 Nb3 27. Qxc5 Rxc5 28. Rab1 e5 29. Bg2 Nd7 30. Rd3 Nd4 31. f4 1-0